000 00484nam a22001817a 4500
005 20230403130914.0
008 230328b |||||||| |||| 00| 0 eng d
020 _a9788185731742
041 _aeng
082 _a615.6 VYA-C
100 _aVYAS, SURESH P. AND KHAR,ROOP K
_97656
245 _aCONTROLLED DRUG DELIVERY CONCEPTS AND ADVANCES
250 _a2nd ed.
260 _bVALLABAH PRAKASHAN
_c2012
300 _a664;P.
650 _aPHARMACY
_xB. PHARMA
_97657
942 _cBK
999 _c8236
_d8234